Strategic planning for public relations.
| Main Author: | |
|---|---|
| Format: | Book |
| Published: |
New York:
Routledge,
2009.
|
| Subjects: |
| LEADER | 00427cam a2200157 7i4500 | ||
|---|---|---|---|
| 001 | 0000026067 | ||
| 005 | 20110414090000.0 | ||
| 020 | 0 | 0 | |a 9780415994224 |
| 090 | 0 | 0 | |a B 659.2 |b SMI |
| 100 | 1 | 0 | |a Smith |
| 245 | 1 | 0 | |a Strategic planning for public relations. |
| 260 | 0 | 0 | |a New York: |b Routledge, |c 2009. |
| 300 | # | # | |a 436 p. |
| 650 | 0 | 0 | |a Public relations |
| 650 | 0 | 0 | |a Strategic Planning |
| 999 | |a B000028352 |b Book |c Book |e Business Information Centre | ||


